| 000 | 00452nam a2200157 i 4500 | ||
|---|---|---|---|
| 001 | bg | ||
| 100 | 1 | _aKRYŃSKI, Jerzy Julian | |
| 245 | 0 |
_aWpływ własności łączeniowych różnych odgromników na uzyskiwane własności ochronne / _cJ.J. Kryński,K. Auleyther. |
|
| 260 |
_aLublin, _c1980. |
||
| 700 | 1 | _aAULEYTNER, Kazimierz | |
| 040 | _cBPK | ||
| 041 | _apol | ||
| 080 | _a621.316 | ||
| 942 | _cKS | ||
| 008 | s pl f |000 0 pol | ||
| 999 |
_c20959 _d20959 |
||
| 856 |
_uhttp://koha.tu.koszalin.pl/cgi-bin/koha/opac-detail.pl?biblionumber=20959 _yKatalog online BPK |
||